000 00639nam a2200217 a 4500
999 _c3402
_d3402
001 3402
003 BD-JhCC
005 20171113182911.0
008 171112s1973 bg ||||| |||| 00| 0 ben d
035 _a(BD-JhCC)
040 _aBD-JhCC
_dBD-JhCC
041 _aben
082 _a891.442
_bOSM 1973
100 _aওসমান, শওকত
245 _aডাক্তার আবদুল্লার কারখানা /
_cশওকত ওসমান
260 _aঢাকা :
_bবাংলা একাডেমী,
_c1973.
300 _a114 p. :
_c22 cm.
650 _aBengali Drama
942 _2ddc
_cBK